000
00329 a2200169 4500
001
182574
020
_a
85-322-0588-7
040
_c
Magnum
100
_a
Alencar, José de
240
1
0
_a
Senhora
_l
por
245
1
0
_a
Senhora
300
_a
269
362
0
_a
1992
440
1
_a
FTD
697
_a
LITERATURA GERAL
942
_c
BK
999
_c
182574
_d
182574